[Event "World Rapid 2022"]
[Site "Almaty KAZ"]
[Date "2022.12.28"]
[Round "10.10"]
[White "Mamedov, Rauf"]
[Black "Vidit, Santosh Gujrathi"]
[Result "0-1"]
[WhiteTitle "GM"]
[BlackTitle "GM"]
[WhiteElo "2646"]
[BlackElo "2730"]
[WhiteFideId "13401653"]
[BlackFideId "5029465"]
[EventDate "2022.12.26"]

1. e4 e6 2. d4 d5 3. Nd2 c5 4. exd5 Qxd5 5. Ngf3 cxd4 6. Bc4 Qd7 7. O-O Nc6 8.
Nb3 a6 9. Nbxd4 Nxd4 10. Nxd4 Qc7 11. Bd3 Bd6 12. h3 Nf6 13. Bg5 Bh2+ 14. Kh1
Be5 15. c3 h6 16. Bh4 Bd7 17. Qe2 O-O 18. Nf3 Bf4 19. Bxf6 gxf6 20. Rad1 Rad8
21. Rfe1 f5 22. Nd4 Bg5 23. Qh5 Kg7 24. Kg1 Rh8 25. Bc2 Bf6 26. Bb3 Bxd4 27.
cxd4 Qf4 28. d5 Rhe8 29. Re3 Kf6 30. Rde1 Qg5 31. Qe2 f4 32. h4 Qxh4 33. Rh3 Qg5
34. Qd1 e5 35. Rh5 Bg4 36. Rxh6+ Kg7 37. f3 Qxh6 38. fxg4 Qb6+ 39. Kf1 Rh8 40.
Qf3 Rh1+ 41. Ke2 Qb5+ 42. Kf2 Qc5+ 43. Ke2 Rxe1+ 44. Kxe1 Qc1+ 45. Bd1 Qxb2 46.
g5 Qb4+ 47. Kf1 Qc4+ 48. Be2 Qc1+ 49. Bd1 0-1

[Event "World Rapid 2022"]
[Site "Almaty KAZ"]
[Date "2022.12.28"]
[Round "10.11"]
[White "Martirosyan, Haik M."]
[Black "Maghsoodloo, Parham"]
[Result "1/2-1/2"]
[WhiteTitle "GM"]
[BlackTitle "GM"]
[WhiteElo "2682"]
[BlackElo "2719"]
[WhiteFideId "13306553"]
[BlackFideId "12539929"]
[EventDate "2022.12.26"]

1. d4 Nf6 2. c4 g6 3. f3 Nc6 4. d5 Ne5 5. e4 d6 6. Nc3 Bg7 7. f4 Ned7 8. Nh3 a5
9. Nf2 e6 10. dxe6 fxe6 11. Be2 O-O 12. O-O b6 13. Be3 Bb7 14. Qc2 Nc5 15. Rad1
Qe7 16. b3 Nfd7 17. Nb5 Nf6 18. Nc3 Nfd7 19. Nb5 Nf6 1/2-1/2

[Event "World Rapid 2022"]
[Site "Almaty KAZ"]
[Date "2022.12.28"]
[Round "10.12"]
[White "Petrosyan, Manuel"]
[Black "Ganguly, Surya Shekhar"]
[Result "1/2-1/2"]
[WhiteTitle "GM"]
[BlackTitle "GM"]
[WhiteElo "2621"]
[BlackElo "2582"]
[WhiteFideId "13300857"]
[BlackFideId "5002150"]
[EventDate "2022.12.26"]

1. d4 d5 2. Nf3 Nf6 3. e3 c5 4. dxc5 e6 5. a3 a5 6. c4 Bxc5 7. Nc3 O-O 8. b3 Nc6
9. Bb2 Qe7 10. cxd5 Rd8 11. Be2 exd5 12. Nb5 Ne4 13. O-O Bg4 14. Nfd4 Bxe2 15.
Qxe2 Nxd4 16. Nxd4 Ra6 17. f3 Nd6 18. Qd3 Qg5 19. Rac1 Bxd4 20. Qxd4 Nf5 21. Qf4
Qxf4 22. exf4 Rb6 23. Rfd1 h5 24. Rd3 a4 25. b4 Rc6 26. Rxc6 bxc6 27. Rc3 Re8
28. Kf2 Nd4 29. Re3 Rxe3 30. Kxe3 Nf5+ 31. Kd3 h4 32. g4 hxg3 33. hxg3 Nxg3 34.
Kd4 Ne2+ 35. Ke3 Ng3 36. Kd4 f5 37. Kc5 Ne2 38. Kxc6 d4 39. b5 d3 40. b6 d2 41.
b7 d1=Q 42. b8=Q+ Kf7 43. Qc7+ Ke8 44. Qe5+ Kd8 45. Qb8+ Ke7 46. Qc7+ Ke8 47.
Qe5+ Kd8 48. Qxg7 Qc2+ 49. Kb6 Qb3+ 50. Kc5 Qc2+ 51. Kd6 Qd3+ 52. Kc5 Qc2+ 53.
Kb6 Qb3+ 54. Ka5 Qd5+ 55. Kxa4 Qc4+ 56. Ka5 Qc5+ 57. Ka6 Qc6+ 58. Ka7 Qc5+ 59.
Kb7 Qb5+ 60. Ka7 Qc5+ 61. Kb7 Qb5+ 62. Ka8 Qa6+ 63. Qa7 Qc6+ 64. Qb7 Qa4+ 65.
Qa7 Qc6+ 66. Qb7 Qa4+ 67. Kb8 Qxf4+ 68. Ka7 Qa4+ 69. Qa6 Qd7+ 70. Kb8 Qc7+ 71.
Ka8 Qc2 72. Qd6+ Kc8 73. Qe6+ Kd8 74. Bf6+ Kc7 75. Be5+ Kd8 76. Qd6+ Ke8 77.
Qg6+ Ke7 78. Bf6+ Ke6 79. Bg7+ Kd7 80. Qf7+ Kd6 81. Qf8+ Kd7 82. Qf7+ Kd6 83.
Qe8 Qc6+ 84. Qxc6+ Kxc6 85. a4 Kb6 86. Be5 Ka5 87. Kb7 Ng1 88. f4 Ne2 1/2-1/2

[Event "World Rapid 2022"]
[Site "Almaty KAZ"]
[Date "2022.12.28"]
[Round "10.13"]
[White "Andreikin, Dmitry"]
[Black "Quparadze, Giga"]
[Result "1/2-1/2"]
[WhiteTitle "GM"]
[BlackTitle "GM"]
[WhiteElo "2729"]
[BlackElo "2470"]
[WhiteFideId "4158814"]
[BlackFideId "13602250"]
[EventDate "2022.12.26"]

1. e4 c5 2. Nf3 e6 3. b3 a6 4. Bb2 Nc6 5. c4 Nf6 6. Nc3 e5 7. g3 d6 8. Bg2 g6 9.
O-O Bg7 10. d3 O-O 11. Nd5 Nxd5 12. cxd5 Nd4 13. Nxd4 cxd4 14. Qd2 f5 15. f4 a5
16. Ba3 b5 17. Rac1 b4 18. Bb2 Bd7 19. exf5 Rxf5 20. Be4 Rf8 21. fxe5 Bxe5 22.
Rxf8+ Qxf8 23. Rf1 Qg7 24. Qf2 Bh3 25. Bg2 Bf5 26. Qe2 Rc8 27. Be4 Bh3 28. Bg2
Bf5 29. Be4 Bh3 30. Bg2 Bf5 1/2-1/2

[Event "World Rapid 2022"]
[Site "Almaty KAZ"]
[Date "2022.12.28"]
[Round "10.14"]
[White "Sarana, Alexey"]
[Black "Tabatabaei, M. Amin"]
[Result "1/2-1/2"]
[WhiteTitle "GM"]
[BlackTitle "GM"]
[WhiteElo "2668"]
[BlackElo "2660"]
[WhiteFideId "24133795"]
[BlackFideId "12521213"]
[EventDate "2022.12.26"]

1. c4 e6 2. Nc3 d5 3. d4 Nf6 4. Nf3 Nbd7 5. Qc2 Bb4 6. cxd5 exd5 7. Bg5 h6 8.
Bh4 g5 9. Bg3 Ne4 10. e3 c5 11. Bd3 Qe7 12. dxc5 Ndxc5 13. O-O Bxc3 14. bxc3 O-O
15. Nd4 Bd7 16. Be2 Rac8 17. Rfc1 Na4 18. Qb3 Naxc3 19. Qxb7 Rfd8 20. Bf3 Qa3
21. Bxe4 Nxe4 22. Rcb1 Qc5 23. Qa6 Kg7 24. Rb7 Nxg3 25. hxg3 Rc7 26. Rxc7 Qxc7
27. Rb1 Rb8 28. Rxb8 Qxb8 29. Qa5 Qb7 30. Kh2 Be6 31. Qd8 Qd7 32. Qb8 a5 33.
Qe5+ Kg6 34. Qh8 Qc8 35. Qxc8 Bxc8 36. Nc6 Be6 37. Nxa5 d4 38. exd4 Bxa2 39. Nc6
Kf5 40. f3 Bd5 41. Ne5 h5 42. Kg1 f6 43. Nd3 Bc4 44. Nc5 Bb5 45. Kf2 Bc4 46. Ne4
Ba6 47. Nc3 Ke6 48. Ne4 Bc4 49. Nd2 Bb5 50. Ke3 Ba6 51. Nb3 Bf1 52. Nc5+ Kf5 53.
d5 Ke5 54. Nd7+ Kf5 55. Nc5 Ke5 56. Nd7+ Kf5 57. Kf2 Bc4 58. Nb6 Bb5 59. Ke3 h4
60. d6 Ke6 61. d7 Ke7 62. gxh4 gxh4 63. Nd5+ Kxd7 64. Nxf6+ Ke6 65. Ne4 Bf1 66.
Kf2 Bc4 67. Nd2 Bd5 68. Nf1 Kf6 69. Ke3 Kg5 70. Nd2 Bc6 71. Ne4+ Kf5 72. Nd6+
Ke5 73. Nc4+ Kf5 74. Nb2 Bb5 75. Nd1 Bf1 76. Kf2 Ba6 77. Nc3 Bb7 78. Ne2 Ba6 79.
Nd4+ Kg5 80. Ne2 Kf5 81. Ng1 Kg5 82. Nh3+ Kf5 83. Kg1 Bc8 84. Kh2 Bd7 85. Nf2
Bc8 86. Nd3 Kg5 87. Nc5 Kg6 88. Ne4 Be6 89. Kg1 Bc8 90. Kf2 Ba6 91. Nc5 Bc4 92.
Nb7 Be6 93. Nd6 Bd7 94. Ne4 Bc8 95. Ke3 Ba6 96. Nc3 Bf1 97. Ne2 Bxg2 98. Nf4+
Kf7 1/2-1/2

[Event "World Rapid 2022"]
[Site "Almaty KAZ"]
[Date "2022.12.28"]
[Round "10.15"]
[White "Rapport, Richard"]
[Black "Maze, Sebastien"]
[Result "1-0"]
[WhiteTitle "GM"]
[BlackTitle "GM"]
[WhiteElo "2740"]
[BlackElo "2538"]
[WhiteFideId "738590"]
[BlackFideId "613762"]
[EventDate "2022.12.26"]

1. e4 c5 2. Nf3 Nc6 3. Bb5 g6 4. Bxc6 dxc6 5. d3 Bg7 6. a4 a5 7. O-O Nf6 8. e5
Nd5 9. Nbd2 Bg4 10. h3 Bxf3 11. Nxf3 h6 12. Re1 Nc7 13. Re4 Ne6 14. Be3 Qd5 15.
Qd2 b6 16. Re1 O-O-O 17. Qe2 Kb7 18. Bd2 h5 19. Ng5 Nd4 20. Qd1 Bh6 21. c4 Qd7
22. Nxf7 Bxd2 23. e6 Qc7 24. Qxd2 Rhg8 25. Nxd8+ Qxd8 26. Qg5 Nf5 27. Rf4 Qxd3
28. Rxf5 Qxf5 29. Qxe7+ Ka6 30. Qf7 1-0

[Event "World Rapid 2022"]
[Site "Almaty KAZ"]
[Date "2022.12.28"]
[Round "10.17"]
[White "Vachier-Lagrave, Maxime"]
[Black "Sargsyan, Shant"]
[Result "1/2-1/2"]
[WhiteTitle "GM"]
[BlackTitle "GM"]
[WhiteElo "2737"]
[BlackElo "2645"]
[WhiteFideId "623539"]
[BlackFideId "13306766"]
[EventDate "2022.12.26"]

1. e4 e5 2. Nf3 Nc6 3. Bc4 Nf6 4. d3 Bc5 5. O-O h6 6. c3 d6 7. Re1 O-O 8. h3 a5
9. Nbd2 Be6 10. Bb5 Nd7 11. Nf1 d5 12. Ng3 Re8 13. Qe2 dxe4 14. dxe4 Qe7 15. Be3
a4 16. Nf5 Bxf5 17. exf5 e4 18. Nd4 Nxd4 19. cxd4 Bb4 20. Red1 c6 21. Bc4 b5 22.
a3 bxc4 23. axb4 Qxb4 24. Rdc1 Reb8 25. Rxc4 Qxb2 26. Qxb2 Rxb2 27. Raxa4 Rxa4
28. Rxa4 Nb6 29. Ra6 f6 30. Kh2 Rb5 31. g4 Rb3 32. Kg3 Nd5 33. Rxc6 Nxe3 34.
fxe3 Rxe3+ 35. Kf4 Rxh3 36. d5 Rd3 37. Kxe4 Rd1 38. Rc3 Kf7 39. Rd3 Rg1 40. d6
Ke8 41. Ra3 Kd7 42. Ra7+ Kxd6 1/2-1/2

[Event "World Rapid 2022"]
[Site "Almaty KAZ"]
[Date "2022.12.28"]
[Round "10.18"]
[White "Niemann, Hans Moke"]
[Black "Esipenko, Andrey"]
[Result "1/2-1/2"]
[WhiteTitle "GM"]
[BlackTitle "GM"]
[WhiteElo "2698"]
[BlackElo "2678"]
[WhiteFideId "2093596"]
[BlackFideId "24175439"]
[EventDate "2022.12.26"]

1. c4 e5 2. g3 c6 3. Nf3 e4 4. Nd4 d5 5. cxd5 Qxd5 6. Nc2 Nf6 7. Nc3 Qe5 8. Bg2
Na6 9. O-O Be7 10. Ne3 Be6 11. b3 h5 12. h4 g5 13. Bb2 gxh4 14. Qb1 Qg5 15. Nxe4
Nxe4 16. Qxe4 Nc5 17. Qxh4 Qxh4 18. gxh4 Rg8 19. Kh1 f5 20. Bf3 O-O-O 21. d3 f4
22. Ng2 Nxd3 23. exd3 Rxd3 24. Ne1 Rxf3 25. Nxf3 Bd5 26. Rg1 Bxf3+ 27. Kh2 Rd8
28. Be5 Bxh4 29. Bxf4 Bg4 30. Bg3 Bf6 31. Rae1 Rd2 32. Re8+ Kd7 33. Rf8 Ke7 34.
Rb8 Rxa2 35. Rxb7+ Ke6 36. Re1+ Kf5 37. Kg2 h4 38. Bh2 h3+ 39. Kg3 Rc2 40. Rf7
Bh5 41. Rf8 Rc3+ 42. Re3 Rxe3+ 43. fxe3 Bd1 44. b4 Ke6 45. Kxh3 Be7 46. Rf4 c5
47. Re4+ Kd7 48. b5 Bd8 49. Bb8 Bb6 50. Rf4 Be2 51. Rf7+ Ke6 52. Rb7 Bxb5 53.
Bxa7 Bxa7 54. Rxa7 Kd5 55. Kg3 c4 56. Kf2 c3 57. Rc7 Bc6 58. Ke2 Kd6 59. Rc8 c2
60. Kd2 Be4 61. Re8 Kd5 62. Rc8 Ke5 63. Kc1 Kd5 64. Kb2 Kd6 65. Rc3 Kd5 66. Kb3
Bf5 67. Kb2 Be4 68. Kc1 Ke5 69. Rc5+ Kd6 70. Rg5 Ke6 71. Kd2 Kf6 72. Rh5 Ke6 73.
Rg5 Kf6 74. Rg1 Ke5 75. Kc3 Bf5 76. Kd2 Be4 77. Rg5+ Kd6 78. Kc1 Ke6 79. Kb2 Bf5
80. Rg8 Ke5 81. Re8+ Kd5 82. Ra8 Be4 83. Rc8 Bf5 84. Rc3 Be4 85. Kb3 Bf5 86. Kb4
Ke4 87. Rxc2 Kxe3 88. Rc5 Ke4 89. Kc3 Be6 90. Rc7 Ke5 91. Kd3 Bf5+ 92. Ke3 Be6
93. Rc5+ Kf6 94. Kf4 Ba2 95. Rc6+ Kg7 96. Kg5 Bb1 97. Rc7+ Kh8 98. Kh6 Kg8 99.
Kg5 Bd3 100. Kf6 Kh8 101. Kf7 Kh7 102. Rc3 Bg6+ 103. Kf6 Bb1 104. Rc7+ Kh8 105.
Rg7 Bc2 106. Rg2 Be4 107. Rg4 Bc2 108. Rg3 Bb1 109. Kf7 Bh7 110. Kf8 Bb1 111.
Rh3+ Bh7 112. Rg3 Bb1 113. Rg2 Be4 114. Rg1 Bd3 115. Rg3 Bb1 116. Kf7 Ba2+ 117.
Kg6 Bb1+ 118. Kh6 Ba2 119. Ra3 Bf7 120. Ra7 Bb3 121. Rc7 Ba2 122. Rb7 Bc4 123.
Rb4 Bf7 124. Rd4 Ba2 125. Kg6 1/2-1/2

[Event "World Rapid 2022"]
[Site "Almaty KAZ"]
[Date "2022.12.28"]
[Round "10.19"]
[White "Gelfand, Boris"]
[Black "Murzin, Volodar"]
[Result "1/2-1/2"]
[WhiteTitle "GM"]
[BlackTitle "GM"]
[WhiteElo "2667"]
[BlackElo "2561"]
[WhiteFideId "2805677"]
[BlackFideId "44155573"]
[EventDate "2022.12.26"]

1. d4 d5 2. c4 c6 3. Nc3 Nf6 4. Nf3 e6 5. e3 Nbd7 6. Bd3 Bd6 7. e4 dxe4 8. Nxe4
Nxe4 9. Bxe4 Bb4+ 10. Bd2 Qa5 11. O-O Bxd2 12. Nxd2 O-O 13. c5 e5 14. Qc2 h6 15.
Nc4 Qc7 16. Nd6 exd4 17. Qc4 Nf6 18. Bf3 Be6 19. Qxd4 Rad8 20. Rfd1 Ne8 21. b4
Rd7 22. Rd2 Nxd6 23. cxd6 Qb6 24. Qc5 Rfd8 25. a4 Qa6 26. Be2 b5 27. Rdd1 Qb6
28. Bf3 Bd5 29. Bxd5 cxd5 30. Rxd5 bxa4 31. Rxa4 Rxd6 32. Qxb6 Rxd5 33. Qxd8+
Rxd8 34. Kf1 Rd4 35. Ke2 a5 1/2-1/2

[Event "World Rapid 2022"]
[Site "Almaty KAZ"]
[Date "2022.12.28"]
[Round "10.20"]
[White "Yakubboev, Nodirbek"]
[Black "Svane, Rasmus"]
[Result "0-1"]
[WhiteTitle "GM"]
[BlackTitle "GM"]
[WhiteElo "2647"]
[BlackElo "2622"]
[WhiteFideId "14203987"]
[BlackFideId "4657101"]
[EventDate "2022.12.26"]

1. c4 Nf6 2. g3 e6 3. Bg2 d5 4. Nf3 Be7 5. O-O O-O 6. b3 d4 7. e3 c5 8. Ne5 Qc7
9. f4 Nfd7 10. exd4 cxd4 11. Nxd7 Bxd7 12. d3 Bc6 13. Nd2 a5 14. Ne4 Nd7 15. Rb1
Rad8 16. Qe2 Nc5 17. Bd2 Rfe8 18. Bxa5 Qxa5 19. b4 Qc7 20. bxc5 f5 21. Nd6 Bxd6
22. cxd6 Qxd6 23. Bxc6 bxc6 24. Rb7 Rb8 25. Rfb1 Rxb7 26. Rxb7 e5 27. Qh5 Qg6
28. Qxg6 hxg6 29. Rc7 e4 30. dxe4 fxe4 31. Rxc6 e3 32. Kf1 e2+ 33. Ke1 d3 34.
Rd6 Re3 35. c5 Rf3 36. Re6 Rf1+ 37. Kd2 Rd1+ 0-1

[Event "World Rapid 2022"]
[Site "Almaty KAZ"]
[Date "2022.12.28"]
[Round "10.21"]
[White "Suleymenov, Alisher"]
[Black "Sargissian, Gabriel"]
[Result "0-1"]
[WhiteTitle "IM"]
[BlackTitle "GM"]
[WhiteElo "2476"]
[BlackElo "2699"]
[WhiteFideId "13707833"]
[BlackFideId "13300881"]
[EventDate "2022.12.26"]

1. d4 d5 2. c4 e6 3. Nf3 Nf6 4. g3 Bb4+ 5. Nc3 O-O 6. Bg2 dxc4 7. O-O Nc6 8. Qa4
Nd5 9. Qc2 Be7 10. Rd1 Rb8 11. e4 Ncb4 12. Qe2 Nxc3 13. bxc3 Nd3 14. Ne5 Nxc1
15. Raxc1 c5 16. d5 exd5 17. exd5 Bd6 18. Nxc4 b5 19. Nxd6 Qxd6 20. a4 bxa4 21.
Re1 Bd7 22. Qe7 Rb6 23. Bf1 Rfb8 24. Bc4 Qxe7 25. Rxe7 Rd6 26. Re2 Kf8 27. f3
Rdb6 28. Rce1 Re8 29. Kf2 Rxe2+ 30. Rxe2 a3 31. Ra2 Rb2+ 32. Ke3 Bb5 33. Rxb2
axb2 34. Ba2 Ba4 35. Bb1 Bb3 36. Kd3 Bxd5 37. f4 Be6 38. g4 Bxg4 39. Kc4 Be6+
40. Kxc5 g6 0-1

[Event "World Rapid 2022"]
[Site "Almaty KAZ"]
[Date "2022.12.28"]
[Round "10.22"]
[White "Chigaev, Maksim"]
[Black "Petrosian, Tigran L."]
[Result "1-0"]
[WhiteTitle "GM"]
[BlackTitle "GM"]
[WhiteElo "2632"]
[BlackElo "2551"]
[WhiteFideId "4108116"]
[BlackFideId "13301616"]
[EventDate "2022.12.26"]

1. e4 d6 2. d4 Nf6 3. Nc3 e5 4. Nf3 Nbd7 5. Rg1 g6 6. g4 Bg7 7. g5 Nh5 8. Be3
O-O 9. Qd2 c6 10. O-O-O b5 11. dxe5 b4 12. Ne2 Qa5 13. Qxd6 Qxa2 14. Qxb4 Rb8
15. Qa3 Qxa3 16. bxa3 Nxe5 17. Nxe5 Bxe5 18. Nd4 Bxh2 19. Rh1 Bd6 20. Nxc6 Bxa3+
21. Kd2 Rb7 22. Ra1 Bd7 23. Rxa3 Bxc6 24. Bd3 a6 25. Rxa6 Bb5 26. Rb6 Bxd3 27.
cxd3 Rd7 28. Rhb1 f5 29. gxf6 Nxf6 30. Ke2 Ng4 31. Rb8 h5 32. Bc5 Rxb8 33. Rxb8+
Kf7 34. f3 Ne5 35. d4 Nc6 36. Rf8+ Kg7 37. d5 Nd4+ 38. Ke3 Nb3 39. Bb4 Rb7 40.
Bd6 Rd7 41. Rb8 Na5 42. Bb4 Nc4+ 43. Kd4 Nd6 44. Bxd6 Rxd6 45. e5 Ra6 46. d6 Ra1
47. Kc3 Rd1 48. e6 Rxd6 49. e7 1-0

[Event "World Rapid 2022"]
[Site "Almaty KAZ"]
[Date "2022.12.28"]
[Round "10.23"]
[White "Bluebaum, Matthias"]
[Black "Yoo, Christopher Woojin"]
[Result "1/2-1/2"]
[WhiteTitle "GM"]
[BlackTitle "GM"]
[WhiteElo "2657"]
[BlackElo "2575"]
[WhiteFideId "24651516"]
[BlackFideId "30909694"]
[EventDate "2022.12.26"]

1. d4 d5 2. c4 c6 3. Nf3 Nf6 4. Nc3 e6 5. Qc2 Nbd7 6. e4 dxe4 7. Nxe4 Nxe4 8.
Qxe4 Nf6 9. Qe3 b6 10. Bd3 Bb7 11. O-O Be7 12. b3 c5 13. Bb2 O-O 14. Rad1 Qc7
15. Ne5 Rad8 16. Be2 cxd4 17. Bxd4 Ne4 18. Bd3 f5 19. Bxe4 Bxe4 20. Nd3 Bd6 21.
h3 e5 22. Bc3 Qb7 23. Bxe5 Bxg2 24. Rfe1 Bf3 25. Rd2 Rfe8 26. Qg5 Be4 27. Nf4 h6
28. Qg6 Bxe5 29. Rxd8 Rxd8 30. Qe6+ Qf7 31. Qxe5 g5 32. Nd5 Bxd5 33. Rd1 Re8 34.
Qxd5 Qxd5 35. Rxd5 Re2 36. Rxf5 Rxa2 37. Rb5 Rb2 38. Kg2 Kf7 39. c5 bxc5 40.
Rxc5 Kg6 41. Ra5 Rxb3 42. Rxa7 1/2-1/2

[Event "World Rapid 2022"]
[Site "Almaty KAZ"]
[Date "2022.12.28"]
[Round "10.24"]
[White "Tologon tegin, Semetei"]
[Black "Gareyev, Timur"]
[Result "0-1"]
[WhiteTitle "IM"]
[BlackTitle "GM"]
[WhiteElo "2394"]
[BlackElo "2602"]
[WhiteFideId "13800574"]
[BlackFideId "14200937"]
[EventDate "2022.12.26"]

1. e4 e5 2. Nf3 Nc6 3. Bb5 a6 4. Ba4 Nf6 5. Nc3 Bc5 6. Bxc6 dxc6 7. d3 Ng4 8.
O-O Qe7 9. h3 h5 10. Ne2 Be6 11. Ng3 O-O-O 12. hxg4 hxg4 13. Bg5 f6 14. Nxe5
fxg5 15. Ng6 Qf6 16. Nxh8 Rxh8 17. Qd2 Qe5 18. d4 Bxd4 19. Rfe1 c5 20. Re3 Qf6
21. c3 Be5 22. b3 Qh6 23. Rd1 Bxg3 24. fxg3 Qh2+ 25. Kf2 Rf8+ 26. Ke2 c4 27. Re1
Qxg2+ 28. Kd1 Rd8 29. Qxd8+ Kxd8 30. R1e2 Qf1+ 31. Re1 Qf8 32. b4 c5 33. a3 Qe8
34. bxc5 Qa4+ 35. Ke2 Qc2+ 36. Kf1 Kc7 37. R1e2 Qc1+ 38. Kf2 Qxa3 39. Rd2 Qxc5
40. Rd4 a5 41. e5 Qf8+ 42. Ke1 a4 43. Rd6 a3 44. Re2 Qf5 45. Rdd2 Qf3 0-1

[Event "World Rapid 2022"]
[Site "Almaty KAZ"]
[Date "2022.12.28"]
[Round "10.25"]
[White "Zhigalko, Sergei"]
[Black "Sadhwani, Raunak"]
[Result "1-0"]
[WhiteTitle "GM"]
[BlackTitle "GM"]
[WhiteElo "2572"]
[BlackElo "2627"]
[WhiteFideId "13502956"]
[BlackFideId "35093487"]
[EventDate "2022.12.26"]

1. e4 c5 2. c3 Nf6 3. e5 Nd5 4. Nf3 Nc6 5. Bc4 Nb6 6. Bb3 d5 7. exd6 Qxd6 8. O-O
c4 9. Bc2 Bg4 10. Re1 O-O-O 11. b3 Qf6 12. Na3 Bxf3 13. Qxf3 Qxf3 14. gxf3 cxb3
15. axb3 Nd5 16. b4 e6 17. b5 Na5 18. Re4 Kb8 19. Ra4 b6 20. Rxa5 bxa5 21. Nc4
Bd6 22. Nxa5 Ne7 23. d4 g5 24. c4 Rc8 25. Be4 Bb4 26. c5 f5 27. Nc6+ Nxc6 28.
Bxc6 Bc3 29. Ra6 Bxd4 30. Ba3 Rc7 31. Bb4 h5 32. Kg2 g4 33. Ba5 Rcc8 34. Bb4 Rc7
35. Ba5 Re7 36. f4 e5 37. fxe5 Bxc5 38. Bd2 Re6 39. Bg5 h4 40. Bf6 h3+ 41. Kf1
Rh7 42. Ra2 Bd4 43. Bd5 Re8 44. Bc6 Rc8 45. Ra4 Bc3 46. Rc4 Bb2 47. Rb4 Ba3 48.
Rf4 a6 49. Ra4 Bc5 50. e6 Kc7 51. Rxa6 f4 52. Be5+ Kd8 53. Bxf4 Ke7 54. Bd7 Rg8
55. Rc6 Rh5 56. b6 Rf5 57. Bg3 Bxf2 58. Bd6+ Kf6 59. e7 Rf3 60. Bc5+ Kg7 61.
Bxf2 g3 62. hxg3 h2 63. Kg2 Rxf2+ 64. Kh1 Rh8 65. Rc1 1-0

[Event "World Rapid 2022"]
[Site "Almaty KAZ"]
[Date "2022.12.28"]
[Round "10.26"]
[White "Van Foreest, Jorden"]
[Black "Le, Tuan Minh"]
[Result "1/2-1/2"]
[WhiteTitle "GM"]
[BlackTitle "GM"]
[WhiteElo "2690"]
[BlackElo "2542"]
[WhiteFideId "1039784"]
[BlackFideId "12401153"]
[EventDate "2022.12.26"]

1. e4 c5 2. Nf3 Nf6 3. e5 Nd5 4. Nc3 Nxc3 5. dxc3 Nc6 6. Bf4 Qb6 7. Qc1 f6 8.
Be2 g5 9. Be3 g4 10. Nd2 Nxe5 11. O-O d6 12. b4 Qc7 13. bxc5 dxc5 14. Bf4 Bg7
15. Bb5+ Bd7 16. Bxd7+ Qxd7 17. Bxe5 fxe5 18. Ne4 b6 19. Qe3 O-O 20. a4 Rf4 21.
Rfe1 Raf8 22. a5 Qf5 23. axb6 axb6 24. Rab1 Kh8 25. g3 Rf3 26. Qe2 Bh6 27. Rxb6
Be3 28. Qxe3 Rxe3 29. Rxe3 Ra8 30. Re1 Ra2 31. Rb7 Qf7 32. Rc7 Rxc2 33. Rxc5 Qe6
34. Ra5 h6 35. Raa1 Qf5 36. Re3 Kg7 37. Rf1 Qc8 38. Rfe1 Qc4 39. Kg2 Kg6 40. h3
h5 41. h4 Qd5 42. Kg1 Qa2 43. Kg2 Qd5 44. Ra1 Ra2 45. Rc1 Ra4 46. Rce1 Ra2 47.
Kg1 Qa5 48. Kg2 Qa4 49. Ng5 Qc2 50. Rf1 Kf5 51. Kg1 Kf6 52. Ne4+ Kg6 53. Nc5 Ra5
54. Nd3 Kf6 55. Rfe1 Qxc3 56. Nxe5 Qxe1+ 1/2-1/2

[Event "World Rapid 2022"]
[Site "Almaty KAZ"]
[Date "2022.12.28"]
[Round "10.27"]
[White "Matlakov, Maxim"]
[Black "Nguyen, Thai Dai Van"]
[Result "1/2-1/2"]
[WhiteTitle "GM"]
[BlackTitle "GM"]
[WhiteElo "2662"]
[BlackElo "2656"]
[WhiteFideId "4168003"]
[BlackFideId "358878"]
[EventDate "2022.12.26"]

1. d4 Nf6 2. c4 e6 3. Nf3 d5 4. g3 Be7 5. Bg2 O-O 6. O-O dxc4 7. Qc2 a6 8. a4
Bd7 9. Rd1 Bc6 10. Bg5 Nbd7 11. Nbd2 h6 12. Bxf6 Nxf6 13. Nxc4 Be4 14. Qc3 a5
15. Nfe5 Bxg2 16. Kxg2 c6 17. Qf3 Qc7 18. Rac1 Rad8 19. h4 Nd7 20. e3 Nxe5 21.
Nxe5 Rd5 22. b3 Bf6 23. Ng4 Be7 24. e4 Rd6 25. d5 f5 26. exf5 Rxf5 27. Qe4 Rfxd5
28. Qg6 Rxd1 29. Nxh6+ Kh8 30. Nf7+ Kg8 31. Nh6+ Kh8 32. Nf7+ 1/2-1/2

[Event "World Rapid 2022"]
[Site "Almaty KAZ"]
[Date "2022.12.28"]
[Round "10.28"]
[White "Cheparinov, Ivan"]
[Black "Fedorov, Alexei"]
[Result "1-0"]
[WhiteTitle "GM"]
[BlackTitle "GM"]
[WhiteElo "2688"]
[BlackElo "2475"]
[WhiteFideId "2905540"]
[BlackFideId "13500465"]
[EventDate "2022.12.26"]

1. e4 c5 2. Nf3 Nc6 3. d4 cxd4 4. Nxd4 e5 5. Nb5 d6 6. c4 Be7 7. N5c3 Be6 8. Na3
a6 9. Nc2 Rc8 10. Be2 Nf6 11. Be3 O-O 12. O-O Nd7 13. Rc1 Na5 14. b3 b5 15. Nd5
bxc4 16. b4 Nb7 17. Na3 a5 18. b5 Nbc5 19. Nxc4 Nxe4 20. Nxe7+ Qxe7 21. Nxa5 Nc3
22. Qd2 Nxe2+ 23. Qxe2 d5 24. Nc6 Qa3 25. b6 d4 26. Bg5 Rce8 27. Qb5 f6 28. Bd2
Qxa2 29. Bb4 Rf7 30. b7 Qd5 31. Na7 Qxb5 32. Nxb5 Nb6 33. Nc7 Rb8 34. Nxe6 Rfxb7
35. Bd6 Re8 36. Nc5 Ra7 37. f3 Nd5 38. Nd3 Ra2 39. Rf2 Rea8 40. Rxa2 Rxa2 41.
Nb4 Nxb4 42. Bxb4 Rb2 43. Ba3 Ra2 44. Bb4 Rb2 45. Ba5 Kf7 46. Rc7+ Kg6 47. Rd7
h5 48. h4 Kf5 49. Rxg7 Kf4 50. Rd7 Ke3 51. Bd8 f5 52. Bg5+ Ke2 53. Rd5 Rb1+ 54.
Kh2 Kf2 55. Rxe5 Rb2 56. Rxf5 Kf1 57. Kg3 Rxg2+ 58. Kf4 d3 59. Rd5 Ke2 60. Kf5
Rf2 61. Kg6 1-0

[Event "World Rapid 2022"]
[Site "Almaty KAZ"]
[Date "2022.12.28"]
[Round "10.29"]
[White "Adhiban, Baskaran"]
[Black "Salem, A.R. Saleh"]
[Result "1/2-1/2"]
[WhiteTitle "GM"]
[BlackTitle "GM"]
[WhiteElo "2611"]
[BlackElo "2677"]
[WhiteFideId "5018471"]
[BlackFideId "9301348"]
[EventDate "2022.12.26"]

1. d4 Nf6 2. c4 g6 3. Nc3 Bg7 4. e4 O-O 5. Bg5 d6 6. Qd2 Na6 7. Bd3 c5 8. d5 e6
9. Nge2 exd5 10. cxd5 Re8 11. O-O Bd7 12. a4 Nb4 13. Bb1 Qe7 14. Kh1 a6 15. a5
Rab8 16. Ra3 b6 17. axb6 Rxb6 18. f4 h6 19. Bxf6 Qxf6 20. e5 Rxe5 21. Ng3 Re8
22. f5 Qd4 23. Qc1 gxf5 24. Bxf5 Bxf5 25. Nxf5 Nd3 26. Nxd4 Nxc1 27. Nf5 Nb3 28.
Na4 Rb4 29. Nxd6 Rf4 30. Rg1 Rb8 31. g3 Rf2 32. Rg2 Rf1+ 33. Rg1 Rf2 34. Rg2
Rf1+ 35. Rg1 Rf2 36. Rg2 Rf6 37. Ne4 Rf5 38. Nac3 Bd4 39. Rc2 a5 40. Kg2 Kg7 41.
Nd6 Re5 42. Nc4 Re1 43. Nxa5 Rg1+ 44. Kh3 Nxa5 45. Rxa5 Re1 46. Ne2 Bxb2 47.
Raxc5 Be5 48. Rd2 Re8 49. Nd4 Bxd4 50. Rxd4 R1e5 51. Rc2 Rd8 52. d6 Rd7 53. Rc7
Rxc7 54. dxc7 Rc5 55. Rd7 Kf6 56. Kh4 Kg6 57. g4 Rc3 58. h3 Kf6 59. Rd6+ Kg7 60.
Rd7 Kf6 61. Rd6+ Kg7 62. Rd7 1/2-1/2